Statistics for Video Game By Toilet

Click here to take the quiz!

General Stats

  • This quiz has been taken 43 times
  • The average score is 4 of 15

Answer Stats

Answer% Correct
Untitled Goose Game
65%
Fallout: New Vegas
58%
Fortnite
50%
Stray
50%
Banjo-Kazooie
35%
Halo 3
35%
Overwatch
23%
PowerWash Simulator
19%
The Legend Of Zelda: Majora's Mask
19%
Trackmania 2
15%
Mad Max
4%
Alien Swarm
0%
Cruelty Squad
0%
Rage 2
0%
Ultrakill
0%

Score Distribution

Percentile by Number Answered

Percent of People with Each Score

Your Score History

You have not taken this quiz